000 00484nam a22001817a 4500
005 20240424150453.0
008 240424b |||||||| |||| 00| 0 eng d
020 _a9789352702862
082 _a617
_bHAR-R
100 _aHargest Rachel
245 _aRecent Advanced in Surgery 39 /
_cMichael Douek,
260 _aIndia :
_bjaypee :
_c2019.
300 _avi,180p.
_bill;
_c24cm.
500 _ainclude index .
650 _aMedical / Surgery
700 _aMichael Douek,
999 _c35598
_d35598